000 00604nam a2200229 a 4500
999 _c5709
_d5709
001 5709
003 BD-JhCC
005 20171220102717.0
008 171220s19611965u a|||| || | 001 0 eng d
035 _a(BD-JhCC)5709
040 _aBD-JhCC
_dBD-JhCC
041 _aeng
082 _a514
_bHIL 1961
100 _aHillman, Abraham
245 _aFunctional Trigonometry /
_cAbraham Hillman and Gerald Alexanderson
260 _aBoston :
_bAllyn and Bacon, Inc.
_c1961.
300 _a327 p. :
_c26 cm.
650 _aTrigonometry
700 _aAlexanderson, Gerald
942 _2ddc
_cBK